000 00287nam a2200109Ia 4500
003 GCL
008 140319s9999 xx 000 0 eng d
040 _aGCL /
_cGCL
082 0 4 _a400
_bC C
245 1 0 _aTHE CAMBRIDGE ENCYCLOPEDIA OF LANGUAGE
260 _a[S.N] :
_bMacmillan Publishing Company
999 _c17968
_d17968